000 00306nam a2200133Ia 4500
100 _aShort/Kenneth L
942 _cBK
654 _amicroprocessor
245 _aMicroprocessor and programmed logic
260 _bprentice
_aNew Delhi
_c1987
082 _a621.3028
_bSHO
300 _a619
546 _aENGLISH
999 _c28740
_d28740